Statystyki dla tajny quiz

Kliknij tutaj aby rozwiązać quiz!

Ogólne statystyki

  • Ten quiz został rozwiązany 12 razy
  • Średni wynik to 5 z 15

Statystyki odpowiedzi

pytanieodpowiedź% Poprawnych
lewandowski debiutował przeciwko tej reprezentacjiSan Marino
75%
najmniejsze miasto w historii posiadające klub w ekstraklasieNiepołomice
67%
liczba zdobytych mistrzostw włoch przez Torino7
50%
piąty najlepszy strzelec w lidze mistrzówRaul
50%
kto zdobył bramkę w dla Portugalii w meczu Polska Portugalia na euro 2016Renato Sanches
50%
sezon w którym ostatnio BVB zdobyło mistrzostwo Niemiec2011/2012
42%
dawna nazwa klubu Ząbkovia ZąbkiDolcan Ząbki
33%
kto ma najwięcej zdobytych MLSLa Galaxy
33%
klub piłkarski z RybnikaRow Rybnik
33%
legenda ekstraklasy grał w Lechu Poznań Widzewie łódź Śląskowi Wrocław czy Pogoni SzczecinMarcin Robak
25%
Jedyni zwycięzcy meczu w europejskich pucharach z San MarinoTre Fiori
8%
Dawny kraj wystąpili raz na mś. odpadli w fazie grupowejZair
8%
na jakim stadionie rozgrywano ostatni finał ligi mistrzów Manchester City InterAtaturk Olimpiyat
0%
zwycięzca la liga w sezonie 99\00Deportivo de la coruna
0%
klub z angli który zdobył carabao cup w sezonie 1985\86 grają w 3 lidze angielskiejoxford united
0%

Rozkład punktacji

Percentyl według liczby udzielonych odpowiedzi

Procent ludzi z każdym wynikiem

Twoja historia wyników

Nie rozwiązałeś tego quizu